[Event "ewcc-2015"]
[Site "Chakvi. Adjara"]
[Date "2015.05.19"]
[Round "1.1"]
[White "Dzagnidze, Nana"]
[Black "Ibrahimova, Sabina"]
[Result "1-0"]
[WhiteElo "2570"]
[BlackElo "2272"]
[Annotator "Doe,John"]
[PlyCount "83"]
[EventDate "2015.??.??"]
[TimeControl "6000+1170"]
[WhiteClock "0:53:28"]
[BlackClock "0:37:23"]

1. d4 Nf6 2. c4 g6 3. Nc3 Bg7 4. Nf3 O-O 5. g3 d6 6. Bg2 Nc6 7. O-O a6 8. Bf4
Bf5 9. Rc1 Ne4 10. Nxe4 Bxe4 11. d5 Bxf3 12. Bxf3 Nd4 13. Bg2 e6 14. Bd2 Qc8
15. e3 Nf5 16. dxe6 fxe6 17. c5 d5 18. e4 dxe4 19. Bxe4 Rb8 20. Bc3 Rd8 21. Qb3
Nd4 22. Bxd4 Bxd4 23. Bg2 Kg7 24. Bh3 Rf8 25. Rcd1 Qd8 26. Qxe6 Rxf2 27. Kh1
Qe8 28. Qxe8 Rxe8 29. Rxd4 Rxb2 30. Rd7+ Kh6 31. Rff7 Rxa2 32. Bf1 a5 33. Rxh7+
Kg5 34. Rd5+ Kf6 35. Rxc7 Re1 36. Kg1 Raa1 37. Rd6+ Kg5 38. Rf7 a4 39. h4+ Kh6
40. Kg2 a3 41. Rdd7 Kh5 42. Kh3 1-0

[Event "ewcc-2015"]
[Site "Chakvi. Adjara"]
[Date "2015.05.19"]
[Round "1.2"]
[White "Kursova, Maria"]
[Black "Khotenashvili, Bela"]
[Result "1/2-1/2"]
[WhiteElo "2267"]
[BlackElo "2527"]
[Annotator "Doe,John"]
[PlyCount "148"]
[EventDate "2015.??.??"]
[TimeControl "6000+1355"]
[WhiteClock "0:01:29"]
[BlackClock "0:01:42"]

1. d4 g6 2. Nf3 Bg7 3. g3 c5 4. d5 d6 5. Bg2 Nf6 6. O-O b5 7. Re1 O-O 8. e4
Nbd7 9. a4 b4 10. Nbd2 Ba6 11. Nf1 Rc8 12. Rb1 b3 13. cxb3 Rb8 14. h3 Rb4 15.
Qc2 Qb8 16. N1d2 Nb6 17. Re3 Bh6 18. Rc3 e6 19. dxe6 fxe6 20. e5 dxe5 21. Rxc5
Nbd7 22. Rc7 Bd3 23. Qxd3 Qxc7 24. Ne1 Rd4 25. Qe2 Nb6 26. Nc4 Bxc1 27. Rxc1
Nxc4 28. bxc4 Rb8 29. Nf3 Re4 30. Qc2 Rb6 31. b3 Qc5 32. Bf1 a5 33. Bd3 Rd4 34.
Nxd4 exd4 35. Bxg6 e5 36. Bf5 Kg7 37. Re1 Rb7 38. Bd3 Re7 39. Be4 Rf7 40. Re2
Re7 41. Qd2 h6 42. Qd3 Qb6 43. Kg2 Nd7 44. Bd5 Qg6 45. Qxg6+ Kxg6 46. f4 Kf6
47. fxe5+ Rxe5 48. Rd2 Re3 49. Rxd4 Rxb3 50. Bc6 Ne5 51. Bb5 Rb2+ 52. Kf1 Rc2
53. Rd6+ Kf5 54. Rxh6 Ke4 55. Rf6 Ke3 56. g4 Nf3 57. Re6+ Kf4 58. Bc6 Ng5 59.
Rf6+ Kg3 60. Rf5 Nxh3 61. Rxa5 Nf4 62. Ke1 Rxc4 63. Bb5 Rd4 64. Ra7 Kxg4 65.
Re7 Nd5 66. Rd7 Re4+ 67. Kd2 Rd4+ 68. Kc2 Kf4 69. Kb3 Ke5 70. Bc6 Rd3+ 71. Kb2
Nb4 72. Rxd3 Nxd3+ 73. Kc3 Kd6 74. Kxd3 Ke5 {Ke4+} 1/2-1/2

[Event "ewcc-2015"]
[Site "Chakvi. Adjara"]
[Date "2015.05.19"]
[Round "1.11"]
[White "Socko, Monika"]
[Black "Mikadze, Miranda"]
[Result "1-0"]
[LiveChessVersion "1.3.1"]
[BlackElo "2233"]
[WhiteElo "2467"]

1. e4 {[%clk 1:30:58]} d5 {[%clk 1:30:54]} 2. exd5 {[%clk 1:31:16]} Qxd5
{[%clk 1:31:18]} 3. Nc3 {[%clk 1:31:43]} Qd6 {[%clk 1:31:44]} 4. d4
{[%clk 1:31:52]} Nf6 {[%clk 1:32:08]} 5. Nf3 {[%clk 1:32:15]} c6 {[%clk 1:32:29]}
6. Ne5 {[%clk 1:32:08]} Nbd7 {[%clk 1:32:54]} 7. Nc4 {[%clk 1:32:28]} Qc7
{[%clk 1:33:19]} 8. a4 {[%clk 1:32:51]} Nb6 {[%clk 1:30:45]} 9. Ne5
{[%clk 1:31:52]} a5 {[%clk 1:17:08]} 10. Qf3 {[%clk 1:25:37]} g6 {[%clk 1:12:39]}
11. Bf4 {[%clk 1:24:09]} Qd8 {[%clk 1:11:19]} 12. d5 {[%clk 1:20:20]} Nbxd5
{[%clk 1:02:48]} 13. Nxd5 {[%clk 1:20:28]} Qxd5 {[%clk 1:03:00]} 14. Bc4
{[%clk 1:20:28]} Qxf3 {[%clk 1:03:00]} 15. Bxf7+ {[%clk 1:20:53]} Kd8
{[%clk 1:03:23]} 16. gxf3 {[%clk 1:19:55]} Bf5 {[%clk 0:52:32]} 17. O-O-O+
{[%clk 1:02:56]} Kc8 {[%clk 0:49:38]} 18. Rhe1 {[%clk 0:59:18]} Nh5
{[%clk 0:40:45]} 19. Bg5 {[%clk 0:57:22]} Kc7 {[%clk 0:30:45]} 20. Bb3
{[%clk 0:53:12]} Nf6 {[%clk 0:09:40]} 21. Nf7 {[%clk 0:47:21]} Rg8
{[%clk 0:10:06]} 22. Bf4+ {[%clk 0:38:53]} Kb6 {[%clk 0:10:23]} 23. Ne5
{[%clk 0:36:04]} Rg7 {[%clk 0:09:42]} 24. Bh6 {[%clk 0:34:19]} Rg8
{[%clk 0:10:05]} 25. Be3+ {[%clk 0:34:14]} Kc7 {[%clk 0:09:47]} 26. Bxg8
{[%clk 0:32:34]} Nxg8 {[%clk 0:10:14]} 27. Nc4 {[%clk 0:30:39]} b5
{[%clk 0:09:13]} 28. Bf4+ {[%clk 0:29:58]} Kb7 {[%clk 0:09:29]} 29. axb5
{[%clk 0:29:38]} cxb5 {[%clk 0:09:47]} 30. Ne3 {[%clk 0:30:01]} Bh3
{[%clk 0:09:48]} 31. Ng4 {[%clk 0:26:33]} Nf6 {[%clk 0:09:00]} 32. Re5
{[%clk 0:26:05]} Nxg4 {[%clk 0:08:35]} 33. fxg4 {[%clk 0:25:54]} Bxg4
{[%clk 0:09:01]} 34. Rdd5 {[%clk 0:25:27]} e6 {[%clk 0:07:54]} 35. Rxb5+
{[%clk 0:22:03]} Kc6 {[%clk 0:08:21]} 36. Rxa5 {[%clk 0:21:49]} Rd8
{[%clk 0:08:49]} 37. Kb1 {[%clk 0:21:18]} Rd1+ {[%clk 0:07:39]} 38. Ka2
{[%clk 0:21:46]} Bf5 {[%clk 0:07:34]} 39. Re3 {[%clk 0:19:46]} Bb4
{[%clk 0:07:21]} 40. Ra4 {[%clk 0:45:59]} Kb5 {[%clk 0:36:04]} 41. Re5+
{[%clk 0:44:06]} Bc5 {[%clk 0:24:24]} 42. Ra8 {[%clk 0:42:46]} Rd5
{[%clk 0:22:04]} 43. Rb8+ {[%clk 0:38:10]} Kc4 {[%clk 0:16:42]} 44. b3+
{[%clk 0:36:50]} Kd4 {[%clk 0:17:06]} 45. Rxd5+ {[%clk 0:36:46]} Kxd5
{[%clk 0:17:34]} 46. c4+ {[%clk 0:36:38]} Ke4 {[%clk 0:18:00]} 47. Bg3
{[%clk 0:35:48]} e5 {[%clk 0:16:57]} 48. b4 {[%clk 0:35:45]} Bd4 {[%clk 0:17:09]}
49. Kb3 {[%clk 0:33:36]} g5 {[%clk 0:16:23]} 50. b5 {[%clk 0:33:17]} h5
{[%clk 0:16:01]} 51. b6 {[%clk 0:32:33]} h4 {[%clk 0:16:09]} 52. b7
{[%clk 0:32:57]} hxg3 {[%clk 0:15:46]} 53. fxg3 {[%clk 0:33:00]} Bb6
{[%clk 0:15:23]} 54. Rc8 {[%clk 0:33:18]} Ba7 {[%clk 0:15:43]} 55. Ra8
{[%clk 0:33:43]} Kd5 1-0

[Event "ewcc-2015"]
[Site "Chakvi. Adjara"]
[Date "2015.05.19"]
[Round "1.17"]
[White "Khurtsidze, Nino"]
[Black "Baraeva, Marina"]
[Result "1/2-1/2"]
[LiveChessVersion "1.3.1"]
[BlackElo "2204"]
[WhiteElo "2451"]

1. Nf3 {[%clk 1:30:51]} d5 {[%clk 1:30:50]} 2. c4 {[%clk 1:31:05]} c6
{[%clk 1:31:13]} 3. e3 {[%clk 1:31:31]} Nf6 {[%clk 1:31:32]} 4. Nc3
{[%clk 1:31:40]} g6 {[%clk 1:31:51]} 5. d4 {[%clk 1:31:59]} Bg7 {[%clk 1:32:12]}
6. Bd3 {[%clk 1:31:25]} O-O {[%clk 1:31:21]} 7. O-O {[%clk 1:31:48]} Bg4
{[%clk 1:31:32]} 8. h3 {[%clk 1:29:32]} Bxf3 {[%clk 1:30:21]} 9. Qxf3
{[%clk 1:29:57]} dxc4 {[%clk 1:26:17]} 10. Bxc4 {[%clk 1:29:42]} Nbd7
{[%clk 1:26:31]} 11. a4 {[%clk 1:26:33]} a5 {[%clk 1:26:10]} 12. b3
{[%clk 1:23:46]} e5 {[%clk 1:17:29]} 13. Ba3 {[%clk 1:21:48]} Re8
{[%clk 1:16:28]} 14. Ne4 {[%clk 1:20:52]} exd4 {[%clk 1:12:52]} 15. Nd6
{[%clk 1:11:16]} Ne5 {[%clk 1:09:32]} 16. Qf4 {[%clk 1:06:38]} Re7
{[%clk 1:03:56]} 17. exd4 {[%clk 0:50:18]} Nxc4 {[%clk 1:01:52]} 18. bxc4
{[%clk 0:50:37]} Rd7 {[%clk 0:56:55]} 19. Rab1 {[%clk 0:30:11]} Bf8
{[%clk 0:46:16]} 20. Nxb7 {[%clk 0:24:05]} Rxb7 {[%clk 0:44:53]} 21. Rxb7
{[%clk 0:24:14]} Bxa3 {[%clk 0:45:17]} 22. c5 {[%clk 0:19:45]} Qc8
{[%clk 0:36:13]} 23. Re7 {[%clk 0:14:11]} Qf5 {[%clk 0:30:27]} 24. Qd6
{[%clk 0:11:35]} Kg7 {[%clk 0:19:11]} 25. Qxc6 {[%clk 0:10:31]} Qd5
{[%clk 0:17:36]} 26. Qxd5 {[%clk 0:10:39]} Nxd5 {[%clk 0:18:04]} 27. Rb7
{[%clk 0:10:57]} Bb4 {[%clk 0:16:26]} 28. Rc1 {[%clk 0:09:48]} Rc8
{[%clk 0:10:57]} 29. Rd7 {[%clk 0:08:49]} Nc3 {[%clk 0:10:27]} 30. Re1
{[%clk 0:08:02]} Nxa4 {[%clk 0:09:54]} 31. Ree7 {[%clk 0:08:10]} Rf8
{[%clk 0:10:18]} 32. Rb7 {[%clk 0:08:27]} Nxc5 {[%clk 0:06:13]} 33. dxc5
{[%clk 0:08:47]} Bxc5 {[%clk 0:06:40]} 34. Rec7 {[%clk 0:09:06]} Bd6
{[%clk 0:06:58]} 35. Rd7 {[%clk 0:09:24]} Bb4 {[%clk 0:07:01]} 36. g4
{[%clk 0:09:37]} Bc3 {[%clk 0:04:25]} 37. Kg2 {[%clk 0:09:42]} Kf6
{[%clk 0:01:45]} 38. g5+ {[%clk 0:06:09]} Kxg5 {[%clk 0:00:46]} 39. Rxf7
{[%clk 0:06:24]} Rxf7 {[%clk 0:00:58]} 40. Rxf7 {[%clk 0:36:50]} h5
{[%clk 0:31:01]} 41. f4+ {[%clk 0:36:44]} Kh6 {[%clk 0:29:15]} 42. Rc7
{[%clk 0:36:18]} Bb4 {[%clk 0:28:53]} 43. Kf3 {[%clk 0:36:34]} Be1
{[%clk 0:27:09]} 44. Ke4 {[%clk 0:36:28]} Bg3 {[%clk 0:22:32]} 45. Rc6
{[%clk 0:29:13]} Kg7 {[%clk 0:22:47]} 46. f5 {[%clk 0:29:37]} gxf5+
{[%clk 0:21:48]} 47. Kxf5 {[%clk 0:30:00]} h4 {[%clk 0:19:37]} 48. Rc5
{[%clk 0:27:17]} Be1 {[%clk 0:17:32]} 49. Re5 {[%clk 0:27:08]} Bg3
{[%clk 0:16:30]} 50. Rxa5 {[%clk 0:27:29]} Bf2 {[%clk 0:16:43]} 51. Kg5
{[%clk 0:27:22]} Bg3 {[%clk 0:16:19]} 52. Ra7+ {[%clk 0:27:47]} Kf8
{[%clk 0:16:12]} 53. Kf6 {[%clk 0:24:33]} Ke8 {[%clk 0:16:18]} 54. Ke6
{[%clk 0:24:36]} Kd8 {[%clk 0:14:36]} 55. Ra8+ {[%clk 0:19:54]} Kc7
{[%clk 0:14:58]} 56. Rf8 {[%clk 0:20:10]} Be1 {[%clk 0:13:36]} 57. Rf7+
{[%clk 0:20:32]} Kc8 {[%clk 0:13:08]} 58. Rf1 {[%clk 0:17:42]} Bg3
{[%clk 0:13:26]} 59. Ke7 {[%clk 0:18:08]} Kc7 {[%clk 0:12:45]} 60. Rc1+
{[%clk 0:18:29]} Kb6 {[%clk 0:13:12]} 61. Ke6 {[%clk 0:18:52]} Bf4
{[%clk 0:12:28]} 62. Rc4 {[%clk 0:16:32]} Bg3 {[%clk 0:12:04]} 63. Kd5
{[%clk 0:12:02]} Kb5 {[%clk 0:12:28]} 64. Rc6 {[%clk 0:12:22]} Kb4
{[%clk 0:11:22]} 65. Rc5 {[%clk 0:12:32]} Kb3 {[%clk 0:10:33]} 66. Rc4
{[%clk 0:12:26]} Bf2 {[%clk 0:10:47]} 67. Rc1 {[%clk 0:12:33]} Kb4
{[%clk 0:10:30]} 68. Rc4+ {[%clk 0:08:07]} Kb3 {[%clk 0:10:54]} 69. Rf4
{[%clk 0:05:18]} Bg3 {[%clk 0:11:18]} 70. Rf3+ {[%clk 0:05:47]} Kb4
{[%clk 0:11:42]} 71. Kd4 {[%clk 0:03:04]} Kb5 {[%clk 0:11:27]} 72. Rf6
{[%clk 0:03:24]} Be1 {[%clk 0:11:38]} 73. Kd5 {[%clk 0:03:26]} Kb4
{[%clk 0:11:31]} 74. Rf4+ {[%clk 0:03:42]} Kc3 {[%clk 0:11:13]} 75. Rc4+
{[%clk 0:04:05]} Kd3 {[%clk 0:11:08]} 76. Rd4+ {[%clk 0:04:21]} Kc3
{[%clk 0:11:13]} 77. Rf4 {[%clk 0:02:25]} Bg3 {[%clk 0:11:03]} 78. Rf7
{[%clk 0:02:36]} Be1 {[%clk 0:10:15]} 79. Rf3+ {[%clk 0:02:20]} Kb4
{[%clk 0:10:31]} 80. Kd4 {[%clk 0:01:42]} Kb5 {[%clk 0:10:37]} 81. Rf5+
{[%clk 0:01:42]} Kc6 {[%clk 0:10:51]} 82. Rc5+ {[%clk 0:01:55]} Kd6
{[%clk 0:11:09]} 83. Rh5 {[%clk 0:02:08]} Bf2+ {[%clk 0:11:20]} 84. Ke4
{[%clk 0:02:35]} Bg3 {[%clk 0:11:43]} 85. Rd5+ {[%clk 0:03:02]} Ke6
{[%clk 0:12:06]} 86. Rd1 {[%clk 0:03:26]} Bf2 {[%clk 0:12:18]} 87. Ra1
{[%clk 0:03:16]} Bg3 {[%clk 0:12:26]} 88. Ra6+ {[%clk 0:03:42]} Kf7
{[%clk 0:12:36]} 89. Kd5 {[%clk 0:03:56]} Bf2 {[%clk 0:12:27]} 90. Re6
{[%clk 0:03:49]} Bg3 {[%clk 0:12:50]} 91. Re2 {[%clk 0:04:16]} Kf6
{[%clk 0:13:13]} 92. Re3 {[%clk 0:04:41]} Kf7 {[%clk 0:13:34]} 93. Re6
{[%clk 0:05:00]} Bf4 {[%clk 0:13:44]} 94. Re2 {[%clk 0:03:51]} Bg3
{[%clk 0:14:09]} 95. Re3 {[%clk 0:04:20]} Kf6 {[%clk 0:14:25]} 96. Ra3
{[%clk 0:03:52]} Kf7 {[%clk 0:14:43]} 97. Ra6 {[%clk 0:04:16]} Ke7
{[%clk 0:15:03]} 98. Ke4 {[%clk 0:04:37]} Kf7 {[%clk 0:15:26]} 99. Kf5
{[%clk 0:05:01]} Ke7 {[%clk 0:15:50]} 100. Rh6 {[%clk 0:05:26]} Kd7
{[%clk 0:15:47]} 101. Rh7+ {[%clk 0:04:48]} Kd6 {[%clk 0:16:08]} 102. Ke4
{[%clk 0:00:48]} Ke5+ 1/2-1/2

[Event "ewcc-2015"]
[Site "Chakvi. Adjara"]
[Date "2015.05.20"]
[Round "2.20"]
[White "Paehtz, Elisabeth"]
[Black "Kursova, Maria"]
[Result "0-1"]
[LiveChessVersion "1.3.1"]
[BlackElo "2267"]
[WhiteElo "2473"]

1. d4 {[%clk 1:30:58]} Nf6 {[%clk 1:30:55]} 2. c4 {[%clk 1:31:25]} e6
{[%clk 1:31:20]} 3. Nc3 {[%clk 1:31:52]} Bb4 {[%clk 1:31:43]} 4. e3
{[%clk 1:32:19]} O-O {[%clk 1:31:47]} 5. Nge2 {[%clk 1:32:46]} d5
{[%clk 1:31:52]} 6. a3 {[%clk 1:33:13]} Be7 {[%clk 1:32:13]} 7. cxd5
{[%clk 1:33:39]} exd5 {[%clk 1:32:38]} 8. g3 {[%clk 1:34:06]} a5 {[%clk 1:32:37]}
9. Bg2 {[%clk 1:34:30]} Na6 {[%clk 1:27:58]} 10. O-O {[%clk 1:34:27]} Re8
{[%clk 1:24:27]} 11. Nf4 {[%clk 1:34:24]} c6 {[%clk 1:24:46]} 12. f3
{[%clk 1:34:49]} Bf8 {[%clk 1:06:48]} 13. Kh1 {[%clk 1:34:11]} h6
{[%clk 0:54:59]} 14. Qd3 {[%clk 1:17:44]} Nc7 {[%clk 0:18:45]} 15. Bd2
{[%clk 1:12:11]} b6 {[%clk 0:18:19]} 16. Rfd1 {[%clk 1:10:02]} c5
{[%clk 0:17:50]} 17. dxc5 {[%clk 1:09:41]} bxc5 {[%clk 0:18:09]} 18. Qc2
{[%clk 1:06:50]} Bb7 {[%clk 0:16:35]} 19. Na4 {[%clk 1:06:41]} Nd7
{[%clk 0:11:31]} 20. Rac1 {[%clk 1:02:19]} Ne6 {[%clk 0:09:20]} 21. Nxe6
{[%clk 1:01:27]} fxe6 {[%clk 0:09:45]} 22. f4 {[%clk 0:59:09]} Qe7
{[%clk 0:08:19]} 23. e4 {[%clk 0:53:11]} Qf7 {[%clk 0:08:12]} 24. e5
{[%clk 0:49:08]} Reb8 {[%clk 0:05:52]} 25. Re1 {[%clk 0:43:23]} Be7
{[%clk 0:05:48]} 26. Rcd1 {[%clk 0:43:28]} Bc6 {[%clk 0:05:42]} 27. Nc3
{[%clk 0:43:08]} Nb6 {[%clk 0:05:38]} 28. Bc1 {[%clk 0:43:10]} Rd8
{[%clk 0:04:56]} 29. Rf1 {[%clk 0:41:40]} a4 {[%clk 0:04:16]} 30. g4
{[%clk 0:41:27]} h5 {[%clk 0:02:24]} 31. gxh5 {[%clk 0:37:49]} Qxh5
{[%clk 0:02:48]} 32. Ne2 {[%clk 0:35:05]} Qh7 {[%clk 0:02:26]} 33. Qd2
{[%clk 0:34:25]} Nc4 {[%clk 0:02:46]} 34. Qc3 {[%clk 0:34:39]} Rab8
{[%clk 0:02:52]} 35. f5 {[%clk 0:32:03]} Rb3 {[%clk 0:01:47]} 36. Qe1
{[%clk 0:32:28]} Bh4 {[%clk 0:02:07]} 37. Rf2 {[%clk 0:31:49]} Bxf2
{[%clk 0:02:35]} 38. Qxf2 {[%clk 0:32:13]} Nxe5 {[%clk 0:01:15]} 39. Qxc5
{[%clk 0:32:08]} Qh5 {[%clk 0:00:48]} 40. Re1 {[%clk 1:01:55]} Nf3
{[%clk 0:31:02]} 0-1

[Event "ewcc-2015"]
[Site "Chakvi. Adjara"]
[Date "2015.05.20"]
[Round "2.24"]
[White "Kovalevskaya, Ekaterina"]
[Black "Khomeriki, Nino"]
[Result "1-0"]
[LiveChessVersion "1.3.1"]
[BlackElo "2228"]
[WhiteElo "2450"]

1. e4 {[%clk 1:30:57]} e6 {[%clk 1:30:27]} 2. d4 {[%clk 1:31:15]} d5
{[%clk 1:30:43]} 3. Nc3 {[%clk 1:31:31]} Bb4 {[%clk 1:30:45]} 4. exd5
{[%clk 1:31:45]} exd5 {[%clk 1:30:54]} 5. Bd3 {[%clk 1:32:06]} Nf6
{[%clk 1:30:54]} 6. Nge2 {[%clk 1:32:22]} c6 {[%clk 1:28:49]} 7. O-O
{[%clk 1:30:29]} O-O {[%clk 1:27:52]} 8. Ng3 {[%clk 1:30:38]} Re8
{[%clk 1:25:40]} 9. Bf4 {[%clk 1:18:01]} Bg4 {[%clk 1:18:30]} 10. f3
{[%clk 1:11:53]} Be6 {[%clk 1:18:24]} 11. Nce2 {[%clk 1:10:04]} Bd6
{[%clk 1:03:16]} 12. Qd2 {[%clk 0:53:53]} c5 {[%clk 0:58:02]} 13. dxc5
{[%clk 0:42:18]} Bxc5+ {[%clk 0:58:19]} 14. Kh1 {[%clk 0:42:42]} Nc6
{[%clk 0:57:15]} 15. a3 {[%clk 0:38:12]} a5 {[%clk 0:50:52]} 16. Rae1
{[%clk 0:29:19]} d4 {[%clk 0:36:40]} 17. Bg5 {[%clk 0:27:24]} h6 {[%clk 0:27:58]}
18. Bxf6 {[%clk 0:20:07]} Qxf6 {[%clk 0:28:21]} 19. Ne4 {[%clk 0:17:39]} Qe7
{[%clk 0:28:31]} 20. Nf4 {[%clk 0:17:26]} Bb6 {[%clk 0:23:24]} 21. Nxe6
{[%clk 0:13:55]} Qxe6 {[%clk 0:20:49]} 22. f4 {[%clk 0:09:53]} Qd5
{[%clk 0:13:43]} 23. Qe2 {[%clk 0:07:09]} Kf8 {[%clk 0:11:41]} 24. Qg4
{[%clk 0:04:27]} Bc7 25. Qh4 {[%clk 0:02:47]} Bd8 {[%clk 0:04:06]} 26. Qh3
{[%clk 0:02:56]} Be7 {[%clk 0:03:52]} 27. Nd2 {[%clk 0:01:38]} Bf6
{[%clk 0:02:25]} 28. Bc4 {[%clk 0:01:11]} Qc5 {[%clk 0:02:44]} 29. Qd7
{[%clk 0:01:16]} Re7 {[%clk 0:02:57]} 30. Rxe7 {[%clk 0:01:37]} Qxe7
{[%clk 0:03:20]} 31. Qxe7+ {[%clk 0:01:31]} Bxe7 {[%clk 0:03:09]} 32. g3
{[%clk 0:01:04]} Rc8 {[%clk 0:00:58]} 33. Bd3 {[%clk 0:01:28]} Nd8
{[%clk 0:00:36]} 34. Nc4 {[%clk 0:00:43]} Rc5 {[%clk 0:00:32]} 35. a4
{[%clk 0:00:51]} Nc6 {[%clk 0:00:34]} 36. b3 {[%clk 0:01:12]} Nb4
{[%clk 0:00:47]} 37. Rd1 {[%clk 0:00:58]} g5 {[%clk 0:00:34]} 38. fxg5
{[%clk 0:01:09]} hxg5 {[%clk 0:00:38]} 39. Kg2 {[%clk 0:01:16]} Kg7
{[%clk 0:00:45]} 40. Re1 {[%clk 0:30:52]} Bf6 {[%clk 0:30:48]} 41. Be4
{[%clk 0:20:46]} b5 {[%clk 0:24:55]} 42. axb5 {[%clk 0:20:22]} Rxb5
{[%clk 0:25:06]} 43. Rf1 {[%clk 0:17:47]} Be7 {[%clk 0:23:40]} 44. Rf5
{[%clk 0:11:40]} Rxf5 {[%clk 0:20:01]} 45. Bxf5 {[%clk 0:12:09]} Bd8
{[%clk 0:18:53]} 46. Kf3 {[%clk 0:12:11]} Kf6 {[%clk 0:18:33]} 47. Bd3
{[%clk 0:10:54]} Ke6 {[%clk 0:17:27]} 48. Ke4 {[%clk 0:10:51]} Nc6
{[%clk 0:17:33]} 49. g4 {[%clk 0:11:14]} Bc7 {[%clk 0:14:35]} 50. h3
{[%clk 0:11:39]} Bg3 {[%clk 0:14:37]} 51. Na3 {[%clk 0:09:12]} Bf2
{[%clk 0:12:12]} 52. Nb5 {[%clk 0:05:48]} f6 {[%clk 0:08:50]} 53. Nc7+
{[%clk 0:05:53]} Kf7 {[%clk 0:06:46]} 54. Bc4+ {[%clk 0:04:42]} Kg6
{[%clk 0:06:46]} 55. Nb5 {[%clk 0:02:01]} Bg1 {[%clk 0:01:52]} 56. Bd3
{[%clk 0:02:21]} Kf7 {[%clk 0:02:08]} 57. Kd5 {[%clk 0:02:20]} Nb4+
{[%clk 0:02:05]} 58. Kc4 {[%clk 0:02:04]} Nc6 {[%clk 0:01:37]} 59. Be4
{[%clk 0:01:53]} Ne5+ {[%clk 0:00:52]} 60. Kd5 {[%clk 0:02:17]} Nd7
{[%clk 0:00:50]} 61. Bf5 {[%clk 0:01:39]} Nb6+ {[%clk 0:00:54]} 62. Kc6
{[%clk 0:01:40]} a4 {[%clk 0:00:45]} 63. Bd3 {[%clk 0:01:58]} axb3
{[%clk 0:00:55]} 64. cxb3 {[%clk 0:02:23]} Nc8 {[%clk 0:00:59]} 65. b4
{[%clk 0:01:00]} Ne7+ {[%clk 0:00:41]} 66. Kd7 {[%clk 0:00:44]} Kf8
{[%clk 0:00:44]} 67. Nc7 {[%clk 0:00:59]} Bh2 {[%clk 0:00:41]} 68. Ne6+
{[%clk 0:01:21]} Kf7 {[%clk 0:00:54]} 69. Bc4 {[%clk 0:01:17]} Ng6
{[%clk 0:00:53]} 70. Nxd4+ {[%clk 0:01:05]} Kg7 {[%clk 0:01:09]} 71. Nf3
{[%clk 0:01:09]} Bg3 {[%clk 0:00:33]} 72. b5 {[%clk 0:01:25]} Nf4
{[%clk 0:00:35]} 73. Nd4 {[%clk 0:01:23]} Bf2 {[%clk 0:00:53]} 74. Nf5+
{[%clk 0:01:35]} Kf8 {[%clk 0:00:55]} 75. Bf1 {[%clk 0:01:55]} Kf7
{[%clk 0:00:41]} 76. Kc6 {[%clk 0:01:28]} Ke6 {[%clk 0:00:41]} 77. b6
{[%clk 0:01:40]} Ke5 {[%clk 0:00:39]} 78. b7 {[%clk 0:01:55]} Ba7
{[%clk 0:01:04]} 79. Bc4 {[%clk 0:01:21]} Nxh3 {[%clk 0:01:22]} 80. Kc7
{[%clk 0:01:35]} Nf4 {[%clk 0:00:35]} 81. Ne7 {[%clk 0:00:42]} Ne6+
{[%clk 0:00:34]} 82. Bxe6 {[%clk 0:00:51]} Kxe6 {[%clk 0:01:02]} 83. Nc6
{[%clk 0:00:42]} Bf2 {[%clk 0:01:19]} 84. Kc8 {[%clk 0:00:58]} Bg3
{[%clk 0:01:43]} 85. Nd4+ {[%clk 0:01:05]} Kd5 {[%clk 0:01:55]} 86. Nb5
{[%clk 0:01:12]} Kc6 {[%clk 0:02:13]} 87. Nc3 {[%clk 0:01:25]} Be5
{[%clk 0:01:10]} 88. Ne4 {[%clk 0:01:49]} f5 {[%clk 0:01:10]} 89. gxf5
{[%clk 0:02:13]} g4 {[%clk 0:01:32]} 90. b8=Q {[%clk 0:01:17]} Bxb8
{[%clk 0:01:56]} 91. Kxb8 {[%clk 0:01:44]} Kd5 {[%clk 0:02:14]} 92. Ng3
{[%clk 0:02:08]} Ke5 {[%clk 0:02:37]} 93. Kc7 {[%clk 0:02:33]} Kf4
{[%clk 0:03:02]} 94. Kd6 {[%clk 0:02:37]} Kxg3 {[%clk 0:03:20]} 95. f6
{[%clk 0:03:06]} Kh2 {[%clk 0:03:38]} 96. f7 {[%clk 0:03:32]} g3 {[%clk 0:04:05]}
97. f8=Q {[%clk 0:03:53]} g2 {[%clk 0:04:33]} 98. Qh6+ {[%clk 0:04:16]} Kg3
{[%clk 0:04:50]} 99. Qg5+ {[%clk 0:04:40]} Kf2 {[%clk 0:05:14]} 100. Qf4+
{[%clk 0:05:04]} Ke1 {[%clk 0:05:41]} 101. Qg3+ {[%clk 0:05:29]} Kf1
{[%clk 0:06:07]} 102. Qf3+ {[%clk 0:05:53]} Kg1 {[%clk 0:06:35]} 103. Ke5
{[%clk 0:06:17]} 1-0

[Event "16th European Individual Women's Chess C"]
[Site "Chakvi, Adjara"]
[Date "2015.05.20"]
[Round "2.47"]
[White "Jibuti, Nata"]
[Black "Petrenko, Svetlana"]
[Result "0-1"]
[WhiteElo "1694"]
[BlackElo "2207"]
[PlyCount "72"]
[EventDate "2015.05.19"]

1. e4 c5 2. Nf3 Nc6 3. d4 cxd4 4. Nxd4 Nf6 5. Nc3 e6 6. Ndb5 d6 7. Bf4 e5 8.
Bg5 a6 9. Na3 b5 10. Nd5 Be7 11. Bxf6 Bxf6 12. c3 O-O 13. Nc2 Bg5 14. a4 bxa4
15. Rxa4 a5 16. Bc4 Be6 17. O-O Rb8 18. b3 Kh8 19. Nce3 g6 20. Qe2 f5 21. exf5
gxf5 22. f4 exf4 23. Nxf4 Bxc4 24. Rxc4 Qb6 25. Nfd5 Qb5 26. Qh5 Bxe3+ 27. Nxe3
Qb6 28. Kh1 Qxe3 29. Rxc6 Rb7 30. h4 Qe4 31. Rxd6 Rg7 32. Rg1 Rg3 33. Kh2 Rfg8
34. Rd2 Qf4 35. Kh1 Qxd2 36. Qxf5 Qxc3 0-1